[Event "Stay Safe Play From Home 275"]
[Site "Emanuel Lasker Arena"]
[Date "2020.07.03"]
[Round "1"]
[White "Broken sword"]
[Black "Buzaglo"]
[Result "1-0"]
[WhiteElo "2460"]
[BlackElo "1946"]
[PlyCount "57"]
[EventDate "2020.07.03"]
[EventType "swiss (blitz)"]

1. d4 {[%emt 0:00:01]} e6 {[%emt 0:00:01]} 2. Nf3 {[%emt 0:00:00]} d5 {[%emt 0:00:00]} 3. Bg5 {[%emt 0:00:01]} Nf6 {[%emt 0:00:00]} 4. Bxf6 {[%emt 0:00:00]} Qxf6 {[%emt 0:00:01]} 5. e3 {[%emt 0:00:00]} Bb4+ {[%emt 0:00:01]} 6. c3 {[%emt 0:00:01]} Bd6 {[%emt 0:00:00]} 7. c4 {[%emt 0:00:00]} dxc4 {[%emt 0:00:02]} 8. Nc3 {[%emt 0:00:01]} Qd8 {[%emt 0:00:00]} 9. Bxc4 {[%emt 0:00:02]} c5 {[%emt 0:00:00]} 10. d5 {[%emt 0:00:01]} exd5 {[%emt 0:00:01]} 11. Bxd5 {[%emt 0:00:01]} O-O {[%emt 0:00:01]} 12. O-O {[%emt 0:00:01]} Nc6 {[%emt 0:00:01]} 13. Qd2 {[%emt 0:00:00]} Bd7 {[%emt 0:00:02]} 14. Bxf7+ {[%emt 0:00:03]} Rxf7 {[%emt 0:00:03]} 15. Qxd6 {[%emt 0:00:01]} Rf6 {[%emt 0:00:02]} 16. Qd2 {[%emt 0:00:01]} Qc7 {[%emt 0:00:02]} 17. Nd5 {[%emt 0:00:02]} Bg4 {[%emt 0:00:03]} 18. Nxc7 {[%emt 0:00:01]} Bxf3 {[%emt 0:00:02]} 19. gxf3 {[%emt 0:00:01]} Raf8 {[%emt 0:00:02]} 20. f4 {[%emt 0:00:01]} Rg6+ {[%emt 0:00:01]} 21. Kh1 {[%emt 0:00:01]} Ne7 {[%emt 0:00:01]} 22. Rg1 {[%emt 0:00:01]} Nf5 {[%emt 0:00:00]} 23. Rxg6 {[%emt 0:00:02]} hxg6 {[%emt 0:00:00]} 24. Qd5+ {[%emt 0:00:02]} Kh7 {[%emt 0:00:01]} 25. Ne6 {[%emt 0:00:00]} Rf6 {[%emt 0:00:01]} 26. Ng5+ {[%emt 0:00:01]} Kh6 {[%emt 0:00:01]} 27. Qxc5 {[%emt 0:00:00]} Nh4 {[%emt 0:00:01]} 28. Qc8 {[%emt 0:00:01]} Rf5 {[%emt 0:00:01]} 29. Qh8# {[%emt 0:00:01] (Lag: Av=0.50s, max=1.0s)} 1-0

[Event "Stay Safe Play From Home 275"]
[Site "Emanuel Lasker Arena"]
[Date "2020.07.03"]
[Round "1"]
[White "BrainThinker22"]
[Black "Klasman"]
[Result "1-0"]
[WhiteElo "2390"]
[BlackElo "1355"]
[Annotator "NA"]
[PlyCount "35"]
[EventDate "2020.07.03"]
[EventType "swiss (blitz)"]

1. e4 {[%emt 0:00:01]} f5 {[%emt 0:00:01]} 2. exf5 {[%emt 0:00:01]} Nf6 {[%emt 0:00:01]} 3. Nf3 {[%emt 0:00:02]} d5 {[%emt 0:00:02]} 4. d4 {[%emt 0:00:01]} c5 {[%emt 0:00:01]} 5. Bd3 {[%emt 0:00:00]} Nc6 {[%emt 0:00:01]} 6. dxc5 {[%emt 0:00:01]} Qa5+ {[%emt 0:00:03]} 7. Nc3 {[%emt 0:00:02]} Qxc5 {[%emt 0:00:03]} 8. O-O {[%emt 0:00:01]} e6 {[%emt 0:00:03]} 9. fxe6 {[%emt 0:00:06]} Be7 {[%emt 0:00:03]} 10. Re1 {[%emt 0:00:03]} Qd6 {[%emt 0:00:03]} 11. g3 {[%emt 0:00:02]} O-O {[%emt 0:00:02]} 12. Bf4 {[%emt 0:00:01]} Qd8 {[%emt 0:00:05]} 13. Ne5 {[%emt 0:00:01]} Nxe5 {[%emt 0:00:07]} 14. Rxe5 {[%emt 0:00:00]} Qb6 {[%emt 0:00:04]} 15. b3 {[%emt 0:00:07]} Bxe6 {[%emt 0:00:07]} 16. Qe2 {[%emt 0:00:03]} Bg4 {[%emt 0:00:11]} 17. Nxd5 {[%emt 0:00:01]} Bxe2 {[%emt 0:00:03]} 18. Nxb6 {[%emt 0:00:01] Time (Lag: Av=0.83s, max=1.8s)} 1-0

[Event "Stay Safe Play From Home 275"]
[Site "Emanuel Lasker Arena"]
[Date "2020.07.03"]
[Round "1"]
[White "Uber_WING"]
[Black "SoulofWolf"]
[Result "1-0"]
[WhiteElo "2383"]
[BlackElo "2197"]
[PlyCount "59"]
[EventDate "2020.07.03"]
[EventType "swiss (blitz)"]

1. e4 {[%emt 0:00:01]} c6 {[%emt 0:00:04]} 2. Nc3 {[%emt 0:00:01]} d5 {[%emt 0:00:00]} 3. d3 {[%emt 0:00:00]} d4 {[%emt 0:00:01]} 4. Nce2 {[%emt 0:00:01]} g6 {[%emt 0:00:00]} 5. g3 {[%emt 0:00:00]} Bg7 {[%emt 0:00:00]} 6. Bg2 {[%emt 0:00:01]} e6 {[%emt 0:00:00]} 7. f4 {[%emt 0:00:00]} Ne7 {[%emt 0:00:00]} 8. Nf3 {[%emt 0:00:00]} O-O {[%emt 0:00:01]} 9. O-O {[%emt 0:00:00]} Nd7 {[%emt 0:00:00]} 10. h3 {[%emt 0:00:01]} c5 {[%emt 0:00:01]} 11. g4 {[%emt 0:00:01]} b6 {[%emt 0:00:01]} 12. Ng3 {[%emt 0:00:01]} Bb7 {[%emt 0:00:00]} 13. f5 {[%emt 0:00:00]} exf5 {[%emt 0:00:01]} 14. exf5 {[%emt 0:00:00]} Nd5 {[%emt 0:00:03]} 15. g5 {[%emt 0:00:02]} gxf5 {[%emt 0:00:01]} 16. Nxf5 {[%emt 0:00:00]} Bh8 {[%emt 0:00:01]} 17. N3h4 {[%emt 0:00:02]} Ne5 {[%emt 0:00:02]} 18. Nh6+ {[%emt 0:00:01]} Kg7 {[%emt 0:00:01]} 19. Qh5 {[%emt 0:00:04]} Ne7 {[%emt 0:00:06]} 20. N4f5+ {[%emt 0:00:05]} Nxf5 {[%emt 0:00:02]} 21. Nxf5+ {[%emt 0:00:00]} Kg8 {[%emt 0:00:00]} 22. Bxb7 {[%emt 0:00:01]} Rb8 {[%emt 0:00:01]} 23. Be4 {[%emt 0:00:03]} Ng6 {[%emt 0:00:04]} 24. Nh6+ {[%emt 0:00:04]} Kg7 {[%emt 0:00:01]} 25. Bf4 {[%emt 0:00:01]} Rc8 {[%emt 0:00:03]} 26. Bxg6 {[%emt 0:00:03]} hxg6 {[%emt 0:00:04]} 27. Qh4 {[%emt 0:00:03]} Re8 {[%emt 0:00:02]} 28. Ng4 {[%emt 0:00:01]} Kg8 {[%emt 0:00:06]} 29. Nf6+ {[%emt 0:00:02]} Bxf6 {[%emt 0:00:03]} 30. gxf6 {[%emt 0:00:00] SoulofWolf poddaje siê (Lag: Av=0.28s, max=0.7s)} 1-0

[Event "Stay Safe Play From Home 275"]
[Site "Emanuel Lasker Arena"]
[Date "2020.07.03"]
[Round "1"]
[White "The Next Contender"]
[Black "Mepe_Nika"]
[Result "0-1"]
[WhiteElo "1982"]
[BlackElo "2367"]
[PlyCount "92"]
[EventDate "2020.07.03"]
[EventType "swiss (blitz)"]

1. d4 {[%emt 0:00:04]} d5 {[%emt 0:00:00]} 2. c4 {[%emt 0:00:00]} c6 {[%emt 0:00:01]} 3. Nf3 {[%emt 0:00:00]} Nf6 {[%emt 0:00:00]} 4. e3 {[%emt 0:00:00]} e6 {[%emt 0:00:01]} 5. Be2 {[%emt 0:00:00]} Nbd7 {[%emt 0:00:01]} 6. O-O {[%emt 0:00:00]} Bd6 {[%emt 0:00:00]} 7. c5 {[%emt 0:00:03]} Bc7 {[%emt 0:00:01]} 8. b4 {[%emt 0:00:00]} a6 {[%emt 0:00:01]} 9. a4 {[%emt 0:00:01]} O-O {[%emt 0:00:01]} 10. Nc3 {[%emt 0:00:00]} e5 {[%emt 0:00:00]} 11. Bb2 {[%emt 0:00:01]} e4 {[%emt 0:00:01]} 12. Nd2 {[%emt 0:00:00]} Re8 {[%emt 0:00:00]} 13. Re1 {[%emt 0:00:01]} Nf8 {[%emt 0:00:01]} 14. Bf1 {[%emt 0:00:00]} Bxh2+ {[%emt 0:00:04]} 15. Kxh2 {[%emt 0:00:01]} Ng4+ {[%emt 0:00:00]} 16. Kg3 {[%emt 0:00:04]} Ng6 {[%emt 0:00:02]} 17. Nf3 {[%emt 0:00:05]} exf3 {[%emt 0:00:06]} 18. Kxf3 {[%emt 0:00:00]} Bf5 {[%emt 0:00:14]} 19. Ke2 {[%emt 0:00:03]} Nf4+ {[%emt 0:00:02]} 20. Kd2 {[%emt 0:00:01]} Nxf2 {[%emt 0:00:00]} 21. Qf3 {[%emt 0:00:02]} N4d3 {[%emt 0:00:04]} 22. Bxd3 {[%emt 0:00:01]} Nxd3 {[%emt 0:00:01]} 23. Rh1 {[%emt 0:00:01]} Bg6 {[%emt 0:00:02]} 24. Ba3 {[%emt 0:00:05]} Qg5 {[%emt 0:00:02]} 25. Raf1 {[%emt 0:00:01]} a5 {[%emt 0:00:01]} 26. b5 {[%emt 0:00:02]} Nb4 {[%emt 0:00:01]} 27. Rh3 {[%emt 0:00:03]} Re6 {[%emt 0:00:01]} 28. Rg3 {[%emt 0:00:01]} Qe7 {[%emt 0:00:02]} 29. Re1 {[%emt 0:00:03]} Re8 {[%emt 0:00:01]} 30. Ne2 {[%emt 0:00:01]} Nc2 {[%emt 0:00:01]} 31. Nf4 {[%emt 0:00:01]} Nxa3 {[%emt 0:00:01]} 32. Nxe6 {[%emt 0:00:01]} Nc4+ {[%emt 0:00:00]} 33. Kc3 {[%emt 0:00:01]} Qxe6 {[%emt 0:00:00]} 34. e4 {[%emt 0:00:01]} cxb5 {[%emt 0:00:01]} 35. axb5 {[%emt 0:00:01]} dxe4 {[%emt 0:00:01]} 36. Qe3 {[%emt 0:00:00]} Na3 {[%emt 0:00:01]} 37. Rb1 {[%emt 0:00:03]} Qc4+ {[%emt 0:00:01]} 38. Kd2 {[%emt 0:00:00]} Qc2+ {[%emt 0:00:01]} 39. Ke1 {[%emt 0:00:01]} Nc4 {[%emt 0:00:00]} 40. Qd2 {[%emt 0:00:01]} Qxd2+ {[%emt 0:00:01]} 41. Kf1 {[%emt 0:00:01]} Ne3+ {[%emt 0:00:00]} 42. Kg1 {[%emt 0:00:00]} Qd3 {[%emt 0:00:00]} 43. Re1 {[%emt 0:00:02]} Qd2 {[%emt 0:00:01]} 44. Rexe3 {[%emt 0:00:00]} f5 {[%emt 0:00:01]} 45. Kh2 {[%emt 0:00:00]} Qd1 {[%emt 0:00:00]} 46. Re1 {[%emt 0:00:01]} Qh5+ {[%emt 0:00:00] Time (Lag: Av=0.52s, max=1.0s) .} 0-1

[Event "Stay Safe Play From Home 275"]
[Site "Emanuel Lasker Arena"]
[Date "2020.07.03"]
[Round "1"]
[White "Haris kollari 13"]
[Black "AChessPlayer"]
[Result "0-1"]
[WhiteElo "1763"]
[BlackElo "2460"]
[Annotator "NA"]
[PlyCount "70"]
[EventDate "2020.07.03"]
[EventType "swiss (blitz)"]

1. e4 {[%emt 0:00:01]} c6 {[%emt 0:00:01]} 2. Nf3 {[%emt 0:00:00]} d5 {[%emt 0:00:00]} 3. exd5 {[%emt 0:00:01]} cxd5 {[%emt 0:00:00]} 4. d4 {[%emt 0:00:00]} Nc6 {[%emt 0:00:00]} 5. c3 {[%emt 0:00:01]} Nf6 {[%emt 0:00:00]} 6. Bg5 {[%emt 0:00:01]} Qc7 {[%emt 0:00:01]} 7. Bd3 {[%emt 0:00:02]} Bg4 {[%emt 0:00:00]} 8. O-O {[%emt 0:00:01]} e6 {[%emt 0:00:00]} 9. Nbd2 {[%emt 0:00:01]} Bd6 {[%emt 0:00:01]} 10. Qc2 {[%emt 0:00:02]} Bh5 {[%emt 0:00:01]} 11. Rfe1 {[%emt 0:00:01]} Bg6 {[%emt 0:00:01]} 12. Rac1 {[%emt 0:00:01]} Rc8 {[%emt 0:00:01]} 13. Qb1 {[%emt 0:00:03]} Nd7 {[%emt 0:00:04]} 14. Nb3 {[%emt 0:00:03]} O-O {[%emt 0:00:03]} 15. Bxg6 {[%emt 0:00:03]} hxg6 {[%emt 0:00:01]} 16. Qd3 {[%emt 0:00:04]} Nf6 {[%emt 0:00:01]} 17. h3 {[%emt 0:00:06]} Ne4 {[%emt 0:00:01]} 18. Be3 {[%emt 0:00:02]} f6 {[%emt 0:00:02]} 19. Nbd2 {[%emt 0:00:01]} f5 {[%emt 0:00:02]} 20. Nf1 {[%emt 0:00:04]} Qe7 {[%emt 0:00:01]} 21. N3d2 {[%emt 0:00:01]} g5 {[%emt 0:00:03]} 22. f3 {[%emt 0:00:01]} Nxd2 {[%emt 0:00:03]} 23. Bxd2 {[%emt 0:00:02]} Qf6 {[%emt 0:00:00]} 24. Re2 {[%emt 0:00:02]} Rfe8 {[%emt 0:00:01]} 25. Rce1 {[%emt 0:00:01]} f4 {[%emt 0:00:02]} 26. Nh2 {[%emt 0:00:03]} Kf7 {[%emt 0:00:04]} 27. Ng4 {[%emt 0:00:00]} Qf5 {[%emt 0:00:00]} 28. Qb5 {[%emt 0:00:03]} Rc7 {[%emt 0:00:02]} 29. Bc1 {[%emt 0:00:01]} a6 {[%emt 0:00:02]} 30. Qb3 {[%emt 0:00:02]} b5 {[%emt 0:00:01]} 31. Qa3 {[%emt 0:00:01]} Bxa3 {[%emt 0:00:01]} 32. bxa3 {[%emt 0:00:00]} Na5 {[%emt 0:00:01]} 33. a4 {[%emt 0:00:01]} Nc4 {[%emt 0:00:01]} 34. axb5 {[%emt 0:00:01]} axb5 {[%emt 0:00:00]} 35. Nf2 {[%emt 0:00:03]} Kg8 {[%emt 0:00:01] Time (Lag: Av=0.65s, max=1.5s)} 0-1

[Event "Stay Safe Play From Home 275"]
[Site "Emanuel Lasker Arena"]
[Date "2020.07.03"]
[Round "1"]
[White "Rupankar123"]
[Black "Lamborghini"]
[Result "0-1"]
[WhiteElo "1494"]
[BlackElo "2280"]
[Annotator "NA"]
[PlyCount "48"]
[EventDate "2020.07.03"]
[EventType "swiss (blitz)"]

1. e4 {[%emt 0:00:08]} g6 {[%emt 0:00:00]} 2. Nf3 {[%emt 0:00:01]} Bg7 {[%emt 0:00:00]} 3. d4 {[%emt 0:00:01]} d6 {[%emt 0:00:00]} 4. Nc3 {[%emt 0:00:03]} Nf6 {[%emt 0:00:01]} 5. Be3 {[%emt 0:00:01]} O-O {[%emt 0:00:01]} 6. Bd3 {[%emt 0:00:01]} Nbd7 {[%emt 0:00:01]} 7. O-O {[%emt 0:00:00]} c5 {[%emt 0:00:01]} 8. Re1 {[%emt 0:00:01]} cxd4 {[%emt 0:00:01]} 9. Bxd4 {[%emt 0:00:01]} a6 {[%emt 0:00:02]} 10. h3 {[%emt 0:00:01]} b5 {[%emt 0:00:02]} 11. a3 {[%emt 0:00:01]} Bb7 {[%emt 0:00:01]} 12. Qe2 {[%emt 0:00:02]} Rc8 {[%emt 0:00:01]} 13. Bxf6 {[%emt 0:00:01]} Bxf6 {[%emt 0:00:02]} 14. e5 {[%emt 0:00:01]} Nxe5 {[%emt 0:00:02]} 15. Nxe5 {[%emt 0:00:02]} Bxe5 {[%emt 0:00:00]} 16. Be4 {[%emt 0:00:01]} Bxe4 {[%emt 0:00:03]} 17. Nxe4 {[%emt 0:00:01]} Bxb2 {[%emt 0:00:03]} 18. Ra2 {[%emt 0:00:02]} Bg7 {[%emt 0:00:01]} 19. Rd1 {[%emt 0:00:01]} d5 {[%emt 0:00:02]} 20. Ng3 {[%emt 0:00:06]} e6 {[%emt 0:00:01]} 21. Qd3 {[%emt 0:00:01]} Qb6 {[%emt 0:00:02]} 22. Qf3 {[%emt 0:00:04]} Rc3 {[%emt 0:00:01]} 23. Qe2 {[%emt 0:00:02]} Rxg3 {[%emt 0:00:01]} 24. Kh2 {[%emt 0:00:02]} Rc3 {[%emt 0:00:02] Rupankar123 resigns (Lag: Av=0.97s, max=2.1s)} 0-1

[Event "Stay Safe Play From Home 275"]
[Site "Emanuel Lasker Arena"]
[Date "2020.07.03"]
[Round "2"]
[White "AChessPlayer"]
[Black "Uber_WING"]
[Result "0-1"]
[WhiteElo "2460"]
[BlackElo "2392"]
[PlyCount "122"]
[EventDate "2020.07.03"]
[EventType "swiss (blitz)"]

1. Nf3 {[%emt 0:00:01]} g6 {[%emt 0:00:01]} 2. g3 {[%emt 0:00:00]} Bg7 {[%emt 0:00:00]} 3. Bg2 {[%emt 0:00:00]} d6 {[%emt 0:00:00]} 4. O-O {[%emt 0:00:00]} c6 {[%emt 0:00:00]} 5. d3 {[%emt 0:00:00]} Qc7 {[%emt 0:00:00]} 6. Nbd2 {[%emt 0:00:01]} Bg4 {[%emt 0:00:00]} 7. e4 {[%emt 0:00:00]} Nd7 {[%emt 0:00:01]} 8. h3 {[%emt 0:00:01]} Bxf3 {[%emt 0:00:01]} 9. Nxf3 {[%emt 0:00:00]} e5 {[%emt 0:00:01]} 10. c3 {[%emt 0:00:00]} Ne7 {[%emt 0:00:00]} 11. d4 {[%emt 0:00:00]} O-O {[%emt 0:00:00]} 12. Re1 {[%emt 0:00:00]} f5 {[%emt 0:00:01]} 13. Ng5 {[%emt 0:00:04]} Rf6 {[%emt 0:00:01]} 14. h4 {[%emt 0:00:04]} Nb6 {[%emt 0:00:06]} 15. dxe5 {[%emt 0:00:01]} dxe5 {[%emt 0:00:03]} 16. Qb3+ {[%emt 0:00:01]} Kh8 {[%emt 0:00:01]} 17. Nf7+ {[%emt 0:00:01]} Rxf7 {[%emt 0:00:01]} 18. Qxf7 {[%emt 0:00:01]} Ned5 {[%emt 0:00:02]} 19. Qf8+ {[%emt 0:00:02]} Rxf8 {[%emt 0:00:06]} 20. exd5 {[%emt 0:00:00]} cxd5 {[%emt 0:00:00]} 21. Be3 {[%emt 0:00:05]} d4 {[%emt 0:00:01]} 22. cxd4 {[%emt 0:00:01]} exd4 {[%emt 0:00:00]} 23. Bf4 {[%emt 0:00:00]} Qc2 {[%emt 0:00:01]} 24. Bxb7 {[%emt 0:00:02]} Qxb2 {[%emt 0:00:02]} 25. Rab1 {[%emt 0:00:01]} Qxa2 {[%emt 0:00:01]} 26. Bf3 {[%emt 0:00:00]} d3 {[%emt 0:00:05]} 27. Rbd1 {[%emt 0:00:01]} Rd8 {[%emt 0:00:02]} 28. Rd2 {[%emt 0:00:01]} Qc4 {[%emt 0:00:02]} 29. Red1 {[%emt 0:00:02]} Bc3 {[%emt 0:00:01]} 30. Bg5 {[%emt 0:00:07]} Re8 {[%emt 0:00:02]} 31. Rxd3 {[%emt 0:00:01]} h6 {[%emt 0:00:06]} 32. Bxh6 {[%emt 0:00:01]} Bg7 {[%emt 0:00:01]} 33. Bg5 {[%emt 0:00:01]} Rf8 {[%emt 0:00:02]} 34. Kg2 {[%emt 0:00:00]} Qf7 {[%emt 0:00:01]} 35. Rd8 {[%emt 0:00:01]} Rxd8 {[%emt 0:00:01]} 36. Rxd8+ {[%emt 0:00:00]} Kh7 {[%emt 0:00:00]} 37. Bf4 {[%emt 0:00:00]} Bh6 {[%emt 0:00:01]} 38. Rd6 {[%emt 0:00:00]} Bxf4 {[%emt 0:00:01]} 39. gxf4 {[%emt 0:00:00]} Qe7 {[%emt 0:00:00]} 40. Rd4 {[%emt 0:00:01]} Qxh4 {[%emt 0:00:00]} 41. Rd1 {[%emt 0:00:01]} Qf6 {[%emt 0:00:01]} 42. Rh1+ {[%emt 0:00:00]} Kg7 {[%emt 0:00:00]} 43. Kg3 {[%emt 0:00:01]} g5 {[%emt 0:00:00]} 44. Rg1 {[%emt 0:00:03]} gxf4+ {[%emt 0:00:01]} 45. Kxf4+ {[%emt 0:00:00]} Kf7 {[%emt 0:00:00]} 46. Kg3 {[%emt 0:00:00]} Qd6+ {[%emt 0:00:01]} 47. Kg2 {[%emt 0:00:02]} Nd7 {[%emt 0:00:00]} 48. Rh1 {[%emt 0:00:00]} Qf6 {[%emt 0:00:00]} 49. Rh6 {[%emt 0:00:01]} Ke6 {[%emt 0:00:00]} 50. Rxf6+ {[%emt 0:00:01]} Nxf6 {[%emt 0:00:00]} 51. Be2 {[%emt 0:00:00]} Ke5 {[%emt 0:00:00]} 52. Ba6 {[%emt 0:00:00]} Ne4 {[%emt 0:00:00]} 53. Bb7 {[%emt 0:00:00]} Nd6 {[%emt 0:00:00]} 54. Ba6 {[%emt 0:00:00]} f4 {[%emt 0:00:00]} 55. Be2 {[%emt 0:00:01]} Ne4 {[%emt 0:00:00]} 56. Kf3 {[%emt 0:00:00]} Nc5 {[%emt 0:00:00]} 57. Bb5 {[%emt 0:00:01]} Ne6 {[%emt 0:00:00]} 58. Bc4 {[%emt 0:00:00]} Nd4+ {[%emt 0:00:00]} 59. Kg4 {[%emt 0:00:02]} Nc6 {[%emt 0:00:00]} 60. Kg5 {[%emt 0:00:00]} Ne7 {[%emt 0:00:00]} 61. Kh6 {[%emt 0:00:01]} Nf5+ {[%emt 0:00:00] Time (Lag: Av=0.38s, max=1.2s) .} 0-1

[Event "Stay Safe Play From Home 275"]
[Site "Emanuel Lasker Arena"]
[Date "2020.07.03"]
[Round "2"]
[White "Mepe_Nika"]
[Black "BrainThinker22"]
[Result "0-1"]
[WhiteElo "2371"]
[BlackElo "2390"]
[Annotator "NA"]
[PlyCount "166"]
[EventDate "2020.07.03"]
[EventType "swiss (blitz)"]

1. d4 {[%emt 0:00:01]} c5 {[%emt 0:00:01]} 2. c3 {[%emt 0:00:01]} cxd4 {[%emt 0:00:00]} 3. cxd4 {[%emt 0:00:00]} d5 {[%emt 0:00:00]} 4. Nc3 {[%emt 0:00:00]} Nc6 {[%emt 0:00:00]} 5. Nf3 {[%emt 0:00:00]} Nf6 {[%emt 0:00:00]} 6. Bf4 {[%emt 0:00:01]} a6 {[%emt 0:00:01]} 7. e3 {[%emt 0:00:01]} Bf5 {[%emt 0:00:01]} 8. Rc1 {[%emt 0:00:01]} e6 {[%emt 0:00:01]} 9. Qb3 {[%emt 0:00:01]} Na5 {[%emt 0:00:04]} 10. Qa4+ {[%emt 0:00:01]} Nc6 {[%emt 0:00:01]} 11. Ne5 {[%emt 0:00:02]} Qb6 {[%emt 0:00:02]} 12. Nxc6 {[%emt 0:00:08]} bxc6 {[%emt 0:00:00]} 13. b3 {[%emt 0:00:04]} Bb4 {[%emt 0:00:01]} 14. Be2 {[%emt 0:00:01]} O-O {[%emt 0:00:01]} 15. O-O {[%emt 0:00:01]} Rfc8 {[%emt 0:00:01]} 16. f3 {[%emt 0:00:02]} Nd7 {[%emt 0:00:05]} 17. Rfd1 {[%emt 0:00:01]} Nf8 {[%emt 0:00:07]} 18. Bd3 {[%emt 0:00:01]} Bxd3 {[%emt 0:00:01]} 19. Rxd3 {[%emt 0:00:00]} Ng6 {[%emt 0:00:00]} 20. Bg3 {[%emt 0:00:01]} c5 {[%emt 0:00:01]} 21. dxc5 {[%emt 0:00:01]} Rxc5 {[%emt 0:00:01]} 22. Be1 {[%emt 0:00:03]} Rac8 {[%emt 0:00:01]} 23. Kf2 {[%emt 0:00:01]} Ne5 {[%emt 0:00:01]} 24. Rd4 {[%emt 0:00:08]} Bxc3 {[%emt 0:00:08]} 25. Rxc3 {[%emt 0:00:00]} Rxc3 {[%emt 0:00:01]} 26. Bxc3 {[%emt 0:00:00]} Nc6 {[%emt 0:00:00]} 27. Rd2 {[%emt 0:00:02]} Qb5 {[%emt 0:00:00]} 28. Qg4 {[%emt 0:00:01]} d4 {[%emt 0:00:02]} 29. Bxd4 {[%emt 0:00:01]} Nxd4 {[%emt 0:00:01]} 30. Qxd4 {[%emt 0:00:00]} g6 {[%emt 0:00:01]} 31. h4 {[%emt 0:00:01]} Qa5 {[%emt 0:00:00]} 32. Kg3 {[%emt 0:00:01]} Rc1 {[%emt 0:00:01]} 33. Qd8+ {[%emt 0:00:02]} Qxd8 {[%emt 0:00:00]} 34. Rxd8+ {[%emt 0:00:00]} Kg7 {[%emt 0:00:00]} 35. Ra8 {[%emt 0:00:01]} Rc6 {[%emt 0:00:01]} 36. e4 {[%emt 0:00:00]} h5 {[%emt 0:00:00]} 37. Kf4 {[%emt 0:00:01]} Kf6 {[%emt 0:00:00]} 38. g4 {[%emt 0:00:01]} hxg4 {[%emt 0:00:01]} 39. fxg4 {[%emt 0:00:00]} e5+ {[%emt 0:00:00]} 40. Ke3 {[%emt 0:00:00]} Rc3+ {[%emt 0:00:01]} 41. Kd2 {[%emt 0:00:00]} Rg3 {[%emt 0:00:00]} 42. Rxa6+ {[%emt 0:00:01]} Kg7 {[%emt 0:00:00]} 43. b4 {[%emt 0:00:00]} Rxg4 {[%emt 0:00:00]} 44. b5 {[%emt 0:00:00]} Rxe4 {[%emt 0:00:00]} 45. b6 {[%emt 0:00:00]} Rb4 {[%emt 0:00:00]} 46. a4 {[%emt 0:00:00]} Rb2+ {[%emt 0:00:01]} 47. Kc3 {[%emt 0:00:01]} Rb1 {[%emt 0:00:00]} 48. a5 {[%emt 0:00:00]} Rc1+ {[%emt 0:00:00]} 49. Kb4 {[%emt 0:00:01]} Rb1+ {[%emt 0:00:00]} 50. Kc5 {[%emt 0:00:00]} e4 {[%emt 0:00:00]} 51. Kc6 {[%emt 0:00:01]} e3 {[%emt 0:00:00]} 52. Ra8 {[%emt 0:00:00]} e2 {[%emt 0:00:00]} 53. Re8 {[%emt 0:00:00]} e1=Q {[%emt 0:00:00]} 54. Rxe1 {[%emt 0:00:00]} Rxe1 {[%emt 0:00:00]} 55. b7 {[%emt 0:00:00]} Rc1+ {[%emt 0:00:00]} 56. Kb6 {[%emt 0:00:01]} Rb1+ {[%emt 0:00:00]} 57. Ka7 {[%emt 0:00:00]} Ra1 {[%emt 0:00:00]} 58. b8=Q {[%emt 0:00:01]} Rxa5+ {[%emt 0:00:00]} 59. Kb7 {[%emt 0:00:00]} Rb5+ {[%emt 0:00:01]} 60. Kc8 {[%emt 0:00:00]} Rxb8+ {[%emt 0:00:00]} 61. Kxb8 {[%emt 0:00:00]} g5 {[%emt 0:00:00]} 62. h5 {[%emt 0:00:01]} f5 {[%emt 0:00:01]} 63. Kc7 {[%emt 0:00:00]} Kh6 {[%emt 0:00:00]} 64. Kd6 {[%emt 0:00:00]} Kxh5 {[%emt 0:00:00]} 65. Ke5 {[%emt 0:00:00]} f4 {[%emt 0:00:00]} 66. Kd4 {[%emt 0:00:00]} Kg4 {[%emt 0:00:00]} 67. Kd3 {[%emt 0:00:00]} Kg3 {[%emt 0:00:00]} 68. Ke2 {[%emt 0:00:00]} Kg2 {[%emt 0:00:00]} 69. Ke1 {[%emt 0:00:00]} f3 {[%emt 0:00:00]} 70. Kd2 {[%emt 0:00:01]} f2 {[%emt 0:00:00]} 71. Ke3 {[%emt 0:00:00]} f1=Q {[%emt 0:00:00]} 72. Ke4 {[%emt 0:00:00]} g4 {[%emt 0:00:00]} 73. Kd5 {[%emt 0:00:00]} g3 {[%emt 0:00:00]} 74. Kc6 {[%emt 0:00:00]} Kf2 {[%emt 0:00:00]} 75. Kb7 {[%emt 0:00:00]} Ke2 {[%emt 0:00:00]} 76. Ka8 {[%emt 0:00:00]} g2 {[%emt 0:00:00]} 77. Ka7 {[%emt 0:00:00]} g1=Q+ {[%emt 0:00:00]} 78. Ka6 {[%emt 0:00:00]} Qgf2 {[%emt 0:00:00]} 79. Ka5 {[%emt 0:00:00]} Q2e1+ {[%emt 0:00:00]} 80. Ka4 {[%emt 0:00:00]} Qd1+ {[%emt 0:00:00]} 81. Ka3 {[%emt 0:00:00]} Qfe1 {[%emt 0:00:00]} 82. Ka2 {[%emt 0:00:00]} Qed2+ {[%emt 0:00:00]} 83. Ka3 {[%emt 0:00:01]} Qa1+ {[%emt 0:00:00] Time (Lag: Av=0.59s, max=1.6s)} 0-1

[Event "Stay Safe Play From Home 275"]
[Site "Emanuel Lasker Arena"]
[Date "2020.07.03"]
[Round "2"]
[White "Lamborghini"]
[Black "Broken sword"]
[Result "0-1"]
[WhiteElo "2281"]
[BlackElo "2462"]
[PlyCount "78"]
[EventDate "2020.07.03"]
[EventType "swiss (blitz)"]

1. e4 {[%emt 0:00:02]} e6 {[%emt 0:00:00]} 2. d4 {[%emt 0:00:01]} c5 {[%emt 0:00:00]} 3. Nf3 {[%emt 0:00:01]} a6 {[%emt 0:00:01]} 4. Nc3 {[%emt 0:00:01]} cxd4 {[%emt 0:00:01]} 5. Nxd4 {[%emt 0:00:00]} d5 {[%emt 0:00:00]} 6. exd5 {[%emt 0:00:01]} exd5 {[%emt 0:00:00]} 7. Bd3 {[%emt 0:00:01]} Nf6 {[%emt 0:00:00]} 8. O-O {[%emt 0:00:01]} Be7 {[%emt 0:00:00]} 9. Nf5 {[%emt 0:00:02]} Bxf5 {[%emt 0:00:01]} 10. Bxf5 {[%emt 0:00:01]} O-O {[%emt 0:00:00]} 11. g3 {[%emt 0:00:01]} Nc6 {[%emt 0:00:01]} 12. Bh3 {[%emt 0:00:01]} d4 {[%emt 0:00:01]} 13. Ne2 {[%emt 0:00:01]} Bc5 {[%emt 0:00:01]} 14. Bg2 {[%emt 0:00:01]} Re8 {[%emt 0:00:01]} 15. Nf4 {[%emt 0:00:01]} Qd6 {[%emt 0:00:01]} 16. Nd3 {[%emt 0:00:00]} Ba7 {[%emt 0:00:01]} 17. Bf4 {[%emt 0:00:00]} Qd7 {[%emt 0:00:01]} 18. a3 {[%emt 0:00:01]} Rad8 {[%emt 0:00:01]} 19. Re1 {[%emt 0:00:01]} h6 {[%emt 0:00:01]} 20. Rxe8+ {[%emt 0:00:02]} Rxe8 {[%emt 0:00:00]} 21. Qf3 {[%emt 0:00:02]} Rd8 {[%emt 0:00:01]} 22. Re1 {[%emt 0:00:02]} Bb6 {[%emt 0:00:06]} 23. Bxh6 {[%emt 0:00:01]} Ng4 {[%emt 0:00:05]} 24. Bg5 {[%emt 0:00:02]} Rf8 {[%emt 0:00:01]} 25. Qf4 {[%emt 0:00:02]} Bc7 {[%emt 0:00:03]} 26. Qd2 {[%emt 0:00:01]} Nge5 {[%emt 0:00:01]} 27. Nxe5 {[%emt 0:00:01]} Bxe5 {[%emt 0:00:00]} 28. Bxc6 {[%emt 0:00:04]} bxc6 {[%emt 0:00:00]} 29. Rxe5 {[%emt 0:00:01]} f6 {[%emt 0:00:01]} 30. Re4 {[%emt 0:00:01]} fxg5 {[%emt 0:00:01]} 31. Rxd4 {[%emt 0:00:00]} Qf7 {[%emt 0:00:01]} 32. Rd7 {[%emt 0:00:01]} Qf6 {[%emt 0:00:01]} 33. c4 {[%emt 0:00:02]} Kh8 {[%emt 0:00:02]} 34. Rd6 {[%emt 0:00:01]} Qf3 {[%emt 0:00:02]} 35. Rd3 {[%emt 0:00:02]} Qe4 {[%emt 0:00:02]} 36. Re3 {[%emt 0:00:02]} Qxc4 {[%emt 0:00:01]} 37. Kg2 {[%emt 0:00:03]} g4 {[%emt 0:00:02]} 38. Qd3 {[%emt 0:00:02]} Qf7 {[%emt 0:00:01]} 39. Re2 {[%emt 0:00:01]} Qf3+ {[%emt 0:00:01] Zeit (Lag: Av=0.35s, max=0.8s) Lamborghini gibt auf} 0-1